Дело о застройке по высочайше конфирмованным планам и фасадам места у Чернышевского моста, принадлежащего Департаменту народного...

RUSMARC
00005632cmc2a2200000#x 450
00190a81ac0-4635-4139-99d2-98c1c89e9dc6
00520190425140938.0
100##$a20150831l18281829k l0rusy0189 ca
1010#$arus
102##$aRU
2001#$aДело о застройке по высочайше конфирмованным планам и фасадам места у Чернышевского моста, принадлежащего Департаменту народного просвещения
$j23 января 1828 г. - 23 августа 1829 г.
251##$cДело
300##$aДело
300##$aОригинальный заголовок дела: Дело о застройке по высочайше конфирмованным планам и фасадам места у Чернышева моста, принадлежащего Департаменту народного просвещения. 23 января 1828 г. - 19 августа 1829 г.
801#0$aRU
$bРГИА
$c20150831
801#1$aRU
$bГлавНИВЦ
$c20150831
$2rusmarc
801#2$aRU
$bПБ им. Б.Н. Ельцина
$c20151215
$gRCR
$2rusmarc
850##$aФедеральное казенное учреждение "Российский государственный исторический архив" (РГИА)
852##$aРГИА
$j122
937##$hРГИА
$d12092279
$aASBIBLIO_SCAN
462#0$1001a9fc4311-d96c-4d89-aedd-b49335c2f336
$12001
$aДела Хозяйственного отделения Департамента народного просвещения за 1824-1832 гг.
$vД. 122
$1251
$cОпись
$1852
$j103
461#0$1001a74412a3-3cc5-4d21-8f0a-dfe2fbd9e72d
$12001
$aДепартамент народного просвещения Министерства народного просвещения
$1251
$cФонд
$1852
$j733
215##$a359 листов
$d36,5х26 см
371##$aДокумент не является опубликованным и широко распространяемым
105##$ay###
1222#$ad18280123##
$ad18290823##
5171#$aДело о застройке по высочайше конфирмованным планам и фасадам места у Чернышева моста, принадлежащего Департаменту народного просвещения
$e23 января 1828 г. - 19 августа 1829 г.
035##$a90a81ac0-4635-4139-99d2-98c1c89e9dc6
617##$2prlib_sh
$dСанкт-Петербург, город
686##$2rubbk
$a63.3(2-2СПб)52ю1
$vLBC/M
607##$2prlib_sh
$3LIBNET\UAF\0000023771
$aСанкт-Петербург, город
$jДокументы и материалы
$xПланировка и строительство
$z19 в.
607##$aСанкт-Петербург, город
$jДокументы и материалы
$xЗдания и постройки
$z19 в.
$2prlib_sh
$3LIBNET\UAF\0000023766
605##$2acquisition_Prlib
$3DITM\AF\0000004675
$aТерритория
$lколлекция
605##$aТерритория России: Санкт-Петербург, город
$lколлекция
$2acquisition_Prlib
$3LIBNET\UAF\0000039016
Формат отображения